Najrzadziej odwiedzane stany USA przez użytkowników JetPunk - Statystyki

Ogólne statystyki
  • Ten quiz został rozwiązany 77 razy
  • Średni wynik to 5 z 10
Statystyki odpowiedzi
% Stan % Poprawnych
4,64 Alaska
65%
4,08 Dakota Północna
53%
7,32 Idaho
53%
7,33 Montana
51%
6,15 Dakota Południowa
50%
6,8 Arkansas
41%
6,27 Nebraska
40%
7,32 Kansas
35%
7,34 Missisipi
32%
6,6 Oklahoma
31%
Nie znaleziono quizów pasujących do podanych kryteriów
Rozkład punktacji
Procent ludzi z każdym wynikiem
Percentyl według liczby udzielonych odpowiedzi
Twoja historia wyników
Nie rozwiązałeś tego quizu